Evidence-based Therapy in Vascular Surgery (Запис № 451250)

МАРК-запис
000 -LEADER
fixed length control field 03740nam a22005775i 4500
001 - CONTROL NUMBER
control field 978-3-319-47148-8
003 - CONTROL NUMBER IDENTIFIER
control field DE-He213
005 - DATE AND TIME OF LATEST TRANSACTION
control field 20210118143720.0
007 - PHYSICAL DESCRIPTION FIXED FIELD--GENERAL INFORMATION
fixed length control field cr nn 008mamaa
008 - FIXED-LENGTH DATA ELEMENTS--GENERAL INFORMATION
fixed length control field 170320s2017 gw | s |||| 0|eng d
020 ## - INTERNATIONAL STANDARD BOOK NUMBER
International Standard Book Number 9783319471488
-- 978-3-319-47148-8
024 7# - OTHER STANDARD IDENTIFIER
Standard number or code 10.1007/978-3-319-47148-8
Source of number or code doi
050 #4 - LIBRARY OF CONGRESS CALL NUMBER
Classification number RD598.5-598.7
072 #7 - SUBJECT CATEGORY CODE
Subject category code MNJ
Source bicssc
072 #7 - SUBJECT CATEGORY CODE
Subject category code MED085050
Source bisacsh
072 #7 - SUBJECT CATEGORY CODE
Subject category code MNJ
Source thema
082 04 - DEWEY DECIMAL CLASSIFICATION NUMBER
Classification number 617.413
Edition number 23
100 1# - MAIN ENTRY--PERSONAL NAME
Personal name Debus, E. Sebastian.
Relator term author.
Relator code aut
-- http://id.loc.gov/vocabulary/relators/aut
245 10 - TITLE STATEMENT
Title Evidence-based Therapy in Vascular Surgery
Medium [electronic resource] /
Statement of responsibility, etc by E. Sebastian Debus, Reinhart T. Grundmann.
250 ## - EDITION STATEMENT
Edition statement 1st ed. 2017.
264 #1 -
-- Cham :
-- Springer International Publishing :
-- Imprint: Springer,
-- 2017.
300 ## - PHYSICAL DESCRIPTION
Extent XII, 285 p. 1 illus. in color.
Other physical details online resource.
336 ## -
-- text
-- txt
-- rdacontent
337 ## -
-- computer
-- c
-- rdamedia
338 ## -
-- online resource
-- cr
-- rdacarrier
347 ## -
-- text file
-- PDF
-- rda
505 0# - FORMATTED CONTENTS NOTE
Formatted contents note 1. Carotid Artery Stenosis -- 2. Type B Aortic Dissection -- 3. Aneurysms of the descending and thoracoabdominal aorta -- 4. Aneurysms of the Abdominal Aorta -- 6. Renal Artery Stenosis -- 7. Intestinal Aneurysms -- 8. Chronic Intestinal Ischemia -- 9. Intermittent Claudication -- 10. Critical Limb Ischemia -- 11. Acute Limb Ischemia -- 12. Popliteal Artery Aneurysm -- 13. Access Surgery -- 14. Diabetic Foot -- 15. Varicose Veins.
520 ## - SUMMARY, ETC.
Summary, etc This book is an introduction to quality initiative for vascular surgery and medicine. Originally published in German, the book is written by leading experts who utilise their professional expertise and insight to help raise the level of patient safety, quality of care, and training of junior vascular physicians. This books aims to bring together the best available current treatment and information, including recent guidelines, meta-analyses, and randomised trials to help put evidence-based therapeutic recommendations into practice. Innovative therapeutic treatment options are not currently incorporated within standard procedure, and this book will help physicians include these methods and create more individualised treatment.
506 ## - RESTRICTIONS ON ACCESS NOTE
Terms governing access Available to subscribing member institutions only. Доступно лише організаціям членам підписки.
506 ## - RESTRICTIONS ON ACCESS NOTE
Standardized terminology for access restriction Online access from local network of NaUOA.
506 ## - RESTRICTIONS ON ACCESS NOTE
Standardized terminology for access restriction Online access with authorization at https://link.springer.com/
506 ## - RESTRICTIONS ON ACCESS NOTE
Standardized terminology for access restriction Онлайн-доступ з локальної мережі НаУОА.
506 ## - RESTRICTIONS ON ACCESS NOTE
Standardized terminology for access restriction Онлайн доступ з авторизацією на https://link.springer.com/
650 #0 - SUBJECT ADDED ENTRY--TOPICAL TERM
Topical term or geographic name as entry element Vascular surgery.
650 #0 - SUBJECT ADDED ENTRY--TOPICAL TERM
Topical term or geographic name as entry element Minimally invasive surgery.
650 #0 - SUBJECT ADDED ENTRY--TOPICAL TERM
Topical term or geographic name as entry element Interventional radiology .
650 14 - SUBJECT ADDED ENTRY--TOPICAL TERM
Topical term or geographic name as entry element Vascular Surgery.
-- http://scigraph.springernature.com/things/product-market-codes/H59133
650 24 - SUBJECT ADDED ENTRY--TOPICAL TERM
Topical term or geographic name as entry element Minimally Invasive Surgery.
-- http://scigraph.springernature.com/things/product-market-codes/H59052
650 24 - SUBJECT ADDED ENTRY--TOPICAL TERM
Topical term or geographic name as entry element Interventional Radiology.
-- http://scigraph.springernature.com/things/product-market-codes/H29021
700 1# - ADDED ENTRY--PERSONAL NAME
Personal name Grundmann, Reinhart T.
Relator term author.
Relator code aut
-- http://id.loc.gov/vocabulary/relators/aut
710 2# - ADDED ENTRY--CORPORATE NAME
Corporate name or jurisdiction name as entry element SpringerLink (Online service)
773 0# - HOST ITEM ENTRY
Title Springer eBooks
776 08 - ADDITIONAL PHYSICAL FORM ENTRY
Display text Printed edition:
International Standard Book Number 9783319471471
776 08 - ADDITIONAL PHYSICAL FORM ENTRY
Display text Printed edition:
International Standard Book Number 9783319471495
776 08 - ADDITIONAL PHYSICAL FORM ENTRY
Display text Printed edition:
International Standard Book Number 9783319836676
856 40 - ELECTRONIC LOCATION AND ACCESS
Uniform Resource Identifier <a href="https://doi.org/10.1007/978-3-319-47148-8">https://doi.org/10.1007/978-3-319-47148-8</a>
912 ## -
-- ZDB-2-SME
942 ## - ADDED ENTRY ELEMENTS (KOHA)
Koha item type ЕКнига

Немає доступних примірників.